000 00567nam a2200205Ia 4500
005 20250923144736.0
008 008 250917s9999 xx 000 0 eng d
037 _aTextual
040 _aDSWL
_beng
_cDSWL
041 _aeng
_2eng
084 _qDSWL
100 _aWarner, W. Lloyd
_9827950
245 0 _aLiving and the Dead study of the symbolic life of America
_cby W. Lloyd Warner
260 _aNew Heaven
_bYale Vly Press
_c1959
300 _axii,528p.
365 _aUSD
_b7.5
925 _g7.5
942 _cTEXL
999 _c1442766
_d1442766